Companion for final MBBS (3rd ed.) (Record no. 31100)
[ view plain ]
| 000 -LEADER | |
|---|---|
| fixed length control field | 00619nam a2200157 a 4500 |
| 008 - FIXED-LENGTH DATA ELEMENTS--GENERAL INFORMATION | |
| fixed length control field | 151208s2009 ||||||||||||||||| || u |
| 020 ## - INTERNATIONAL STANDARD BOOK NUMBER | |
| International Standard Book Number | 9788184486889 |
| 050 ## - LIBRARY OF CONGRESS CALL NUMBER | |
| Classification number | R 834.5 Yat |
| 100 ## - MAIN ENTRY--PERSONAL NAME | |
| Personal name | Yatiraj, Singi |
| 245 10 - TITLE STATEMENT | |
| Title | Companion for final MBBS (3rd ed.) |
| Statement of responsibility, etc. | By Singi Yatiraj |
| 250 ## - EDITION STATEMENT | |
| Edition statement | 3rd ed. |
| 260 ## - PUBLICATION, DISTRIBUTION, ETC. | |
| Place of publication, distribution, etc. | St. Louis |
| Name of publisher, distributor, etc. | Jaypee Brothers Medical publishers |
| Date of publication, distribution, etc. | 2009 |
| 300 ## - PHYSICAL DESCRIPTION | |
| Extent | xix, 292p.: |
| 650 ## - SUBJECT ADDED ENTRY--TOPICAL TERM | |
| Topical term or geographic name entry element | MEDICINE--EXAMINATIONS, QUESTIONS, ETC |
| 995 ## - | |
| -- | MEDICAL LIBRARY OPEN ACCESS |
| -- | 903227 |
| -- | CBU-SCHOOL OF MEDICINE LIBRARY (Ndola) |
| -- | R 834.5 Yat |
| -- | AVAILABLE |
| -- | Dec 16, 2015 |
| -- | 903227 |
| -- | Medical Library Open Access Collection |
| 999 ## - | |
| -- | 31100 |
| -- | 31100 |
| Withdrawn status | Lost status | Source of classification or shelving scheme | Damaged status | Not for loan | Permanent Location | Current Location | Shelving location | Date acquired | Total Checkouts | Full call number | Barcode | Date last seen | Price effective from | Koha item type |
|---|---|---|---|---|---|---|---|---|---|---|---|---|---|---|
| CBU-SCHOOL OF MEDICINE LIBRARY, NDOLA. | CBU-SCHOOL OF MEDICINE LIBRARY, NDOLA. | 11/30/2022 | R 834.5 Yat | 903227 | 11/30/2022 | 11/30/2022 | MONOGRAPH |